000 00524nam a22002295a 4500
001 110077
005 20180226055759.0
008 960514s1996 ohub 000 0 eng
010 _a 96675147
020 _a0028237277
034 1 _aa
040 _aDLC
_cDLC
041 _aeng
080 _a91 HUN
100 _a42
101 _aGEO
245 0 0 _aGeography, the world and its people.
255 _aScale
906 _a0
_bibc
_corignew
_d2
_encip
_f19
_gy-gencatlg
942 _2ddc
_cBK
999 _c43445
_d43445